Adventist World: (Record no. 22470)
[ view plain ]
| 000 -LEADER | |
|---|---|
| fixed length control field | 02032cas a2200457 a 4500 |
| 001 - CONTROL NUMBER | |
| control field | 14087766 |
| 003 - CONTROL NUMBER IDENTIFIER | |
| control field | AUA.1 |
| 005 - DATE AND TIME OF LATEST TRANSACTION | |
| control field | 20190627124731.0 |
| 007 - PHYSICAL DESCRIPTION FIXED FIELD--GENERAL INFORMATION | |
| fixed length control field | t| |
| 008 - FIXED-LENGTH DATA ELEMENTS--GENERAL INFORMATION | |
| fixed length control field | 050825c200u9999mdumr p 0 a0eng c |
| 010 ## - LIBRARY OF CONGRESS CONTROL NUMBER | |
| LC control number | 2005212853 |
| 022 0# - INTERNATIONAL STANDARD SERIAL NUMBER | |
| International Standard Serial Number | 1557-5519 |
| Source | 1 |
| 035 ## - SYSTEM CONTROL NUMBER | |
| System control number | (OCoLC)ocm61343047 |
| 037 ## - SOURCE OF ACQUISITION | |
| Source of stock number/acquisition | General Conference of the Seventh-Day Adventists, 55 West Oak Ridge Dr., Hagerstown, MD 21740-7390 |
| 040 ## - CATALOGING SOURCE | |
| Original cataloging agency | NSDP |
| Language of cataloging | eng |
| Transcribing agency | NSDP |
| Modifying agency | NSDP |
| -- | DLC |
| -- | NSDP |
| -- | DLC |
| -- | OCoLC |
| 042 ## - AUTHENTICATION CODE | |
| Authentication code | pcc |
| -- | nsdp |
| 050 00 - LIBRARY OF CONGRESS CALL NUMBER | |
| Classification number | BX6101 |
| Item number | .A498 |
| 082 10 - DEWEY DECIMAL CLASSIFICATION NUMBER | |
| Classification number | 286 |
| Edition number | 13 |
| 130 0# - MAIN ENTRY--UNIFORM TITLE | |
| Uniform title | Adventist world (North American Division ed.) |
| 9 (RLIN) | 33588 |
| 222 #0 - KEY TITLE | |
| Key title | Adventist world |
| Qualifying information | (NAD ed.) |
| 245 10 - TITLE STATEMENT | |
| Title | Adventist World: |
| 250 ## - EDITION STATEMENT | |
| Edition statement | North American Division ed. |
| 260 ## - PUBLICATION, DISTRIBUTION, ETC. (IMPRINT) | |
| Place of publication, distribution, etc | Hagerstown, MD : |
| Name of publisher, distributor, etc | General Conference of the Seventh-Day Adventists |
| Date of publication, distribution, etc | April 2019 |
| 300 ## - PHYSICAL DESCRIPTION | |
| Extent | 31 p. : |
| Other physical details | ill. (some col.), col. maps ; |
| Dimensions | 27 cm. |
| 310 ## - CURRENT PUBLICATION FREQUENCY | |
| Current publication frequency | Monthly |
| 440 ## - SERIES STATEMENT/ADDED ENTRY--TITLE | |
| 9 (RLIN) | 33589 |
| Number of part/section of a work | April 2019 |
| Volume number/sequential designation | Vol. 15, No. 4 |
| 500 ## - GENERAL NOTE | |
| General note | Issues for <2006-> called: NAD ed. |
| 500 ## - GENERAL NOTE | |
| General note | Contents:<br/>Adventists as Influencers;<br/>Bible questions answered;<br/>Global view;<br/>Millennial Voices;<br/>Spirit of Prophecy;<br/>Looking Back;<br/>Faith in Action;<br/>Health and wellness<br/>May I tell you a story?;<br/>Growing faith - Children's Pages;<br/> |
| 525 ## - SUPPLEMENT NOTE | |
| Supplement note | Issues for <2006-> include special supplement: Loma Linda report. |
| 650 #0 - SUBJECT ADDED ENTRY--TOPICAL TERM | |
| Topical term or geographic name as entry element | Seventh-Day Adventists |
| Form subdivision | Periodicals. |
| Chronological subdivision | monthly |
| 9 (RLIN) | 33590 |
| 700 ## - ADDED ENTRY--PERSONAL NAME | |
| Personal name | Bill Knott |
| Relator term | Editor-in-Chief |
| 9 (RLIN) | 33591 |
| 710 2# - ADDED ENTRY--CORPORATE NAME | |
| Corporate name or jurisdiction name as entry element | General Conference of Seventh-Day Adventists. |
| 9 (RLIN) | 33592 |
| 740 02 - ADDED ENTRY--UNCONTROLLED RELATED/ANALYTICAL TITLE | |
| Uncontrolled related/analytical title | Loma Linda report. |
| 780 00 - PRECEDING ENTRY | |
| Title | Adventist review (North American ed.) |
| 906 ## - LOCAL DATA ELEMENT F, LDF (RLIN) | |
| a | 7 |
| b | cbc |
| c | serials |
| d | 2 |
| e | ncip |
| f | 20 |
| g | n-oclcserc |
| 942 ## - ADDED ENTRY ELEMENTS (KOHA) | |
| Source of classification or shelving scheme | Library of Congress Classification |
| Koha item type | Periodical |
| Classification part | BX 6101 |
| Item part | .A498 2019 |
| Withdrawn status | Lost status | Source of classification or shelving scheme | Damaged status | Not for loan | Collection code | Home library | Current library | Shelving location | Date acquired | Full call number | Date last seen | Price effective from | Koha item type | Public note |
|---|---|---|---|---|---|---|---|---|---|---|---|---|---|---|
| Library of Congress Classification | EGW Estate Branch Office | Judith Thomas Library | Judith Thomas Library | EGW Estate Branch Office | 27/06/2019 | BX 6101 .A498 2019 | 27/06/2019 | 27/06/2019 | Periodical | April 2019 |